书目信息 |
| 题名: |
Windows标准帮助系统HTML Help的制作
|
|
| 作者: | 周德兴 编著 | |
| 分册: | ||
| 出版信息: | 北京 北京航空航天大学出版社 2000.09 |
|
| 页数: | 339页 | |
| 开本: | 26cm | |
| 丛书名: | ||
| 单 册: | ||
| 中图分类: | TP393.092 | |
| 科图分类: | ||
| 主题词: | 网页制作 , 计算机网络--程序语言--HTML--程序设计 | |
| 电子资源: | ||
| ISBN: | 7-81012-996-1 | |
| 000 | 00923nam0 2200253 450 | |
| 001 | 012001049502 | |
| 005 | 20050823145412.66 | |
| 010 | @a7-81012-996-1@d42.00CNY | |
| 100 | @a20010712d2000 em y0chiy0110 ea | |
| 101 | 0 | @achi |
| 102 | @aCN@b110000 | |
| 105 | @aa z 000yy | |
| 200 | 1 | @aWindows标准帮助系统HTML Help的制作@AWindows biao zhun bang zhu xi tong HTML Help de zhi zuo@f周德兴编著@Fzhou de xing bian zhu |
| 210 | @a北京@c北京航空航天大学出版社@d2000.09 | |
| 215 | @a339页@c图@d26cm@e光盘1片 | |
| 307 | @a光盘 : ISBN 7-900601-49-X | |
| 330 | @a本书内容包括:HTML Help帮助系统介绍、HTML Help图形编辑器、帮助系统的具体制作过程、应用程序的帮助系统设计与制作等。 | |
| 606 | 0 | @a网页制作 |
| 606 | 0 | @a计算机网络@x程序语言@xHTML@x程序设计 |
| 610 | 0 | @aHTML@a超文本标记语言 |
| 690 | @aTP393.092@v4 | |
| 701 | 0 | @a周德兴@Azhou de xing@4编著 |
| 801 | 0 | @aCN@bQSSK@c20050823 |
| 905 | @a10447@dTP393.092@eZ757 | |
| Windows标准帮助系统HTML Help的制作/周德兴编著.-北京:北京航空航天大学出版社,2000.09 |
| 339页:图;26cm+光盘1片 |
| ISBN 7-81012-996-1:42.00CNY |
| 本书内容包括:HTML Help帮助系统介绍、HTML Help图形编辑器、帮助系统的具体制作过程、应用程序的帮助系统设计与制作等。 |
| ● |
| 相关链接 |
|
|
|
正题名:Windows标准帮助系统HTML Help的制作
索取号:TP393.092/Z757
 
预约/预借
| 序号 | 登录号 | 条形码 | 馆藏地/架位号 | 状态 | 备注 |
| 1 | 564144 | 205641448 | 自科库301/301自科库 130排2列3层/ [索取号:TP393.092/Z757] | 在馆 | |
| 2 | 564145 | 205641457 | 自科二线504/504自科库 14排3列3层/ [索取号:TP393.092/Z757] | 在馆 | |
| 3 | 564146 | 205641466 | 期刊室512/301自科库 130排2列3层/ [索取号:TP393.092/Z757] | 在馆 |